000 00296nam a2200109Ia 4500
005 20251222144830.0
008 251222s9999||||xx |||||||||||||| ||spa||
082 _a973/E48
245 0 _aReseƱa de Historia de Estados Unidos
264 _bDepartamento de Estado de los Estados Unidos
942 _cLIB
999 _c20834
_d20834